Swizz Beatz Charting Songs (Billboard Hot 100) - Statistics

General Stats
  • This quiz has been taken 20 times
  • The average score is 7 of 9
Answer Stats
Album Weeks On Peak Artist(s) Song % Correct
Thank Me Later 20 Weeks #25 Drake ft. T.I. & Swizz Beatz Fancy
100%
Graffiti 19 Weeks #20 Chris Brown ft. Lil Wayne & Swizz Beatz I Can Transform Ya
100%
Non-Album Single 2 Weeks #51 Meek Mill ft. DJ Khaled, T.I., Rick Ross, Lil Wayne, Birdman & Swizz Beatz Ima Boss
100%
Legends of the Summer EP 1 Week #73 Meek Mill ft. Swizz Beatz Millidelphia
83%
The Blueprint 3 14 Weeks #37 Jay-Z + Swizz Beatz On to the Next One
83%
One Man Band Man 3 Weeks #83 Swizz Beatz It's Me Snitches
67%
One Man Band Man 4 Weeks #84 Swizz Beatz Money in the Bank
67%
B.A.R.S. The Barry Adrian Reese Story 20 Weeks #33 Cassidy ft. Swizz Beatz My Drink N' My 2 Step
67%
Paper Trail 2 Weeks #62 T.I. ft. Swizz Beatz Swing Ya Rag
67%
No matching quizzes found
Score Distribution
Percent of People with Each Score
Percentile by Number Answered
Your Score History
You have not taken this quiz